000 005320000a22001930004500
999 _c48575
_d48575
001 1414
003 CO-MdFUSB
005 20170816153523.0
008 170816b xxu||||| |||| 00| 0 eng d
020 _a978-958-30-0458-2
040 _cCO-MdBIC
082 0 4 _a863C Q484c
100 1 _aQuiroga, Horacio
245 1 0 _aCuentos de la selva / Horacio Quiroga ; ilustraciones Esperanza Vallejo
260 _aSantafé de Bogotá : Panamericana Editorial
300 _a188 P.
650 1 4 _aCUENTOS INFANTILES URUGUAYOS
942 _cLGB